Estudio de demoras en intersecciones con semáforo.

Guardat en:
Dades bibliogràfiques
Autor principal: Morales Quirós, Eduardo Enrique
Format: Llibre
Publicat: San José, Costa Rica 1988
Matèries:
Etiquetes: Afegir etiqueta
Sense etiquetes, Sigues el primer a etiquetar aquest registre!

MARC

LEADER 00000nam a2200000Ia 4500
003 004544
005 20221231144345.0
008 140114s1988 cr a m 000 ||s d
040 |c cru CEDI 
090 |a TFG 2097 
100 |a Morales Quirós, Eduardo Enrique  |9 13675 
245 |a Estudio de demoras en intersecciones con semáforo. 
260 |c 1988  |a San José, Costa Rica 
300 |a  x, [202] hojas : ilustraciones ; 27 cm  
500 |a Proyecto de graduación (licenciatura en ingeniería civil)--Universidad de Costa Rica. Facultad de Ingeniería. Escuela de Ingeniería Civil 
650 |x CAMINOS -- INTERCAMBIOS E INTERSECCIONES   |x TRAFICO DE CARRETERAS  |9 13676 
942 |c TFG 
999 |c 20672  |d 20672